01126nam a22002417a 45000010005000000030006000050050017000110080041000280200018000690400029000870500010001161000019001262450102001452500022002472600036002693000049003055050008003545200416003625210021007785210020007996000028008197000037008473065FISKH20251028092923.0240202b cb ||||| |||| 00| 0 eng d a9781783121182 aFISKHbengcFISKHdFISKH a567.9 aNaish, Darren  aJurassic record breakers : bHeaviest most fastest dinosaur! feared ! dino tail /cNaish, Darren  aPublished in 2015 aLondon :bCarlton Book , c2015 a48 pages : bcolor illustrations ;c30 cm .  aZ  aWhat dinosaur was the fastest? The tallest? The first ever recognized by science? From Archaeopteryx and Diplodocus to Megalosaurus, meet the Jurassic record breakers! This illustration-packed book features the more fascinating creatures of that era, and it's filled with bite-size information that dinosaur fans will love. Find out when and where each dinosaur lived; its size, its speed, and its danger level.8 a1070 bLexile 8 aZ bRaz-Plus  2dinosaurs vnon-fiction aKoken, AlexandareSenior editor